| 000 | 00644nam a2200181 i 4500 | ||
|---|---|---|---|
| 001 | 50623 | ||
| 003 | ES-MaACL | ||
| 005 | 20230906162217.0 | ||
| 007 | t| | ||
| 008 | 030805s1926 ag ||||1| spa d | ||
| 100 | 1 |
_aChacón Ferral, Antonio. _937765 |
|
| 245 | 1 | 0 |
_aCaminito abajo / _cpor Antonio Chacón Ferral (An-cha-fe) ; con un prólogo de Antonio Gutiérrez Alfaro y una estrofa augural de Francisco Villaespesa. |
| 260 |
_aBuenos Aires : _b[s.n.], _c1926 ( _fImp. Hermanos Ruiz) |
||
| 300 |
_a95 p. ; _c19 cm. |
||
| 700 | 1 |
_aGutiérrez Alfaro, Antonio. _961084 |
|
| 700 | 1 |
_aVillaespesa, Francisco. _9114917 |
|
| 852 |
_aES-MaACL _jF-2366 |
||
| 999 |
_c50623 _d50623 |
||